1624 1435 1545 1581 1095 1419 1826 1732 1979 1872 1275 1417 1346 1147 1215 1490 1532 1648 1880 1432 1948 1247 1612 1803 1376 1132 1168 1967 1635 1618 1034 1689 1032 1644 1565 1887 1928 1284 1113 1130 1762 1141 1812 1445 1222 1296 1170 1824 1321 1115 1544 1398 1137 1010 1770 1741 1402 1462 1991 1661 1971 1470 1943 1343 1762 1150 1461 1777 1230 1849 1927 1532 1471 1544 1903 1674 1161 1012 1439 1367 1815 1507 1065 1874 1069 1297 1311 1326 1825 1243 1073 1599 1061 1338 1968 1702 1223 1058 1492 BCNSPRNW ULIB Ver.6.0+V

เปลี่ยนเป็นภาษาไทย

Change to English
 แสดงรายละเอียดบรรณานุกรม
  กลับหน้าหลัก

Brief Record : Get Marc (ISO 2709) : E-mail record : QR code < ปิดหน้าต่าง
LEADER : 00000nam 2200000uu 4500
001    13399125044
003     ULIB
008    160529s2555||||th 000 0 tha d
020    ^a9786162831973
050 04 ^aDS578.32.S57^bจ131
110 1  ^aคณะกรรมการจัดทำหนังสือจดหมายเหตุงานเฉลิมพระเกียรติสมเด็จพระนางเจ้าฯพระบรมราชินีนาถ
245 00 ^aจดหมายเหตุเฉลิมพระเกียรติ สมเด็จพระนางเจ้าสิริกิติ์ พระบรมราชินีนาถ/^cคณะกรรมการจัดทำหนังสือจดหมายเหตุงานเฉลิมพระเกียรติสมเด็จพระนางเจ้าฯพระบรมราชินีนาถ
250    ^aพิมพ์ครั้งที่ 1
260    ^aกรุงเทพฯ :^bรุ่งศิลป์การพิมพ์,^c2555
300    ^a452 หน้า :^bภาพประกอบ+^eซีดี 1 แผ่น 2558
500    ^aเนื่องในโอกาสพระราชพิธีมหามงคลเฉลิมพระชนมพรรษา80 พรรษา 12 สิงหาคม 2555
600 07 ^aสิริกิติ์ พระบรมราชินีนาถ,^cสมเด็จพระนางเจ้า,^d2475 -
650  0 ^aวันเฉลิมพระชนมพรรษา
710 2  ^aกรมศิลปากร
945    ^p0^l0^i23782
999    ^aทศพร เกษรทอง
รายการนี้ยังไม่มีแท็ก
คุณยังไม่ได้ล็อกอิน คุณสามารถมีกิจกรรมร่วมกับเว็บไซต์ได้ แต่ต้องล็อกอินก่อน ::
  ล็อกอิน

รายการสื่อสารสนเทศ

ลำดับที่ ประเภท เลขเรียก/บาร์โค้ด สถานที่ สถานะ
1. การศึกษาทั่วไป
การศึกษาทั่วไป
DS578.32.S57 จ131 ฉ.1 
  Barcode: 23782
ห้องสมุดวิทยาเขตนครสวรรค์
►หนังสือทั่วไป:l:General Books
บนชั้น

รายการใกล้เคียง
    หัวเรื่อง [วันเฉลิมพระชนมพรรษา]

BibComment


ยังไม่เคยถูกคอมเมนท์

คอมเมนท์ทรัพยากรรายการนี้
  คอมเมนท์: จดหมายเหตุเฉลิมพ..


 Copyright 2026. Bcnsprnw @Library